Normal view
MARC view
Entry Personal Name
001 - CONTROL NUMBER
- control field: 30894
003 - CONTROL NUMBER IDENTIFIER
- control field: ARRUPE
005 - DATE AND TIME OF LATEST TRANSACTION
- control field: 20170519084455.0
008 - FIXED-LENGTH DATA ELEMENTS
- fixed length control field: 170519|| aca||aabn | a|a d
040 ## - CATALOGING SOURCE
- Original cataloging agency: ARRUPE
- Transcribing agency: ARRUPE
100 ## - HEADING--PERSONAL NAME
- Personal name: Kunaka, Constance
670 ## - SOURCE DATA FOUND
- Source citation: Work cat.: (ARRUPE): Matsheza, Philliat 23105, Anti-corruption mechanisms and stragies in Southern Africa, 2000